LEADER 02320nam 2200589 450 001 9910309744703321 005 20200520144314.0 010 $a0-295-80506-4 035 $a(CKB)3710000000096320 035 $a(EBL)3444581 035 $a(SSID)ssj0001182960 035 $a(PQKBManifestationID)11688185 035 $a(PQKBTitleCode)TC0001182960 035 $a(PQKBWorkID)11191810 035 $a(PQKB)10066064 035 $a(Au-PeEL)EBL3444581 035 $a(CaPaEBR)ebr10854872 035 $a(OCoLC)878145417 035 $a(MiAaPQ)EBC3444581 035 $a(EXLCZ)993710000000096320 100 $a20140410h20142014 uy 0 101 0 $aeng 135 $aur|n|---||||| 181 $ctxt 182 $cc 183 $acr 200 12$aA landscape of travel $ethe work of tourism in rural ethnic China /$fJenny Chio 210 1$aSeattle, Washington :$cUniversity of Washington Press,$d2014. 210 4$d©2014 215 $a1 online resource (304 p.) 225 1 $aStudies on Ethnic Groups in China 300 $aDescription based upon print version of record. 311 $a0-295-99366-9 320 $aIncludes bibliographical references and index. 327 $a""Contents""; ""Foreword by Stevan Harrell""; ""Preface""; ""Acknowledgments""; ""Map of China""; ""Introduction - Landscape, Mobility, Visuality""; ""1 | Similar, with Minor Differences - A Tale of Two Villages""; ""2 | Peasant Family Happiness - A New Socialist Countryside""; ""3 | Leave the Fields without Leaving the Countryside - The Orders of Mobility""; ""4 | "Take a Picture with Us - "The Politics of Appearance""; ""5 | The Ability to Be Different - Socialities and Subjectivities""; ""Conclusion - Upper Jidao, Meet Ping'an""; ""Glossary of Chinese Characters""; ""Notes"" 327 $a""References""""Index"" 410 0$aStudies on ethnic groups in China. 606 $aRural tourism$zChina 606 $aEthnicity$zChina 607 $aChina$xEthnic relations 607 $aChina$xRural conditions 615 0$aRural tourism 615 0$aEthnicity 676 $a338.4/79151 700 $aChio$b Jenny$0913871 801 0$bMiAaPQ 801 1$bMiAaPQ 801 2$bMiAaPQ 906 $aBOOK 912 $a9910309744703321 996 $aA landscape of travel$92047543 997 $aUNINA LEADER 04002nam 2200853 450 001 9910591163603321 005 20231030114541.0 010 $a3-8394-6321-1 024 7 $a10.1515/9783839463215 035 $a(CKB)5680000000068982 035 $a(NjHacI)995680000000068982 035 $a(oapen)https://directory.doabooks.org/handle/20.500.12854/91718 035 $a(DE-B1597)627265 035 $a(OCoLC)1338019093 035 $a(DE-B1597)9783839463215 035 $a(EXLCZ)995680000000068982 100 $a20221201d2022 uy 0 101 0 $ager 135 $aur||||||||||| 181 $ctxt$2rdacontent 182 $cc$2rdamedia 183 $acr$2rdacarrier 200 00$aTransformationen der Theaterlandschaft $eZur Fo?rdersituation der Freien Darstellenden Ku?nste in Deutschland /$fWolfgang Schneider and Fonds Darstellende Ku?nste e.V. (Hg.) 210 $aBielefeld$ctranscript Verlag$d2022 210 1$aBielefeld, Germany :$ctranscript Verlag,$d2022. 215 $a1 online resource (256 pages) 311 $a3-8376-6321-3 327 $tFrontmatter --$tInhalt --$tTransformationen der Theaterlandschaft --$tForschen über Politik für Freie Darstellende Künste --$tFörderung künstlerischer Arbeit --$tWorld-Building --$tRecherche, Projekt, Prozess --$tKooperation Macht Arbeit --$tHandlungspotenziale der Kunstförderung --$tDiversität als Chancengleichheit --$tPerforming Climate Action(s) --$tZwischen Eigensinn und Peripherisierung --$tKünstliche Intelligenz als Innovationspotenzial --$tMehr als Partizipation --$tKunstförderung im Föderalismus --$tDas Fasziensystem der deutschen Kulturpolitik --$tEine Frage der Kooperation und Beständigkeit --$tGegenwart und Zukunft von Kultur- und Theaterentwicklungsplanung in der Bundesrepublik Deutschland --$tRegionale Perspektiven aus der Krise --$tAnhang --$tBiografien --$tLiteratur und Quellen --$tImpressum 330 $aDie Corona-Pandemie hat auch im kulturellen Bereich tiefe Wunden hinterlassen und einen enormen Wandel angestoßen. Was braucht die Kunst nach der Krise? Welche Konzepte der Kulturfo?rderung waren und sind hilfreich? Das interdisziplina?re Team von Wissenschaftler*innen um Wolfgang Schneider analysiert in zwo?lf thematischen Teilstudien Wirkmechanismen und Potenziale kulturpolitischer Instrumentarien. Dabei fokussieren sie auf die Aspekte der ku?nstlerischen Produktion, des Produktions- und Spielbetriebs, der Radiuserweiterung sowie der Kultur- und Fo?rderpolitik. Ausgehend von dieser umfassenden Bestandsaufnahme formulieren sie Handlungsempfehlungen fu?r eine zukunftsgerichtete Theaterlandschaft. 606 $aCultural policy 606 $aTheater 606 $aDiversity 610 $aKulturmanagement 610 $aTheater 610 $aDarstellende Kunst 610 $aFörderung 610 $aKulturpolitik 610 $aKunst 610 $aNachhaltigkeit 610 $aDiversität 610 $aKünstliche Intelligenz 610 $aKulturförderung 610 $aFreie Szene 610 $aStipendien 610 $aSpielbetrieb 610 $aTheatermanagement 610 $aTheaterwissenschaft 610 $aCultural Management 610 $aTheatre 610 $aPromotion 610 $aCultural Policy 610 $aArt 610 $aSustainability 610 $aDiversity 610 $aArtificial Intelligence 610 $aCultural Funding 610 $aFree Scene 610 $aScholarships 610 $aGame Operation 610 $aTheatre Management 610 $aTheatre Studies 615 0$aCultural policy. 615 0$aTheater. 615 0$aDiversity. 676 $a306 700 $aSchneider$b Wolfgang$4edt$0517458 702 $aSchneider$b Wolfgang 712 02$aFonds Darstellende Ku?nste e.V. 801 0$bNjHacI 801 1$bNjHacl 906 $aBOOK 912 $a9910591163603321 996 $aTransformationen der Theaterlandschaft$93561122 997 $aUNINA